Normal view
MARC view
- Barnet, Sylvan,author.
Entry Personal Name
001 - CONTROL NUMBER
- control field: 24432
003 - CONTROL NUMBER IDENTIFIER
- control field: OSt
005 - DATE AND TIME OF LATEST TRANSACTION
- control field: 20171207180006.0
008 - FIXED-LENGTH DATA ELEMENTS
- fixed length control field: 171207|| aca||aabn | a|a d
040 ## - CATALOGING SOURCE
- Original cataloging agency: OSt
100 ## - HEADING--PERSONAL NAME
- Personal name: Barnet, Sylvan,author.
